La Qualitat ecològica del Llobregat, el Besòs, el Foix i la Tordera : informe 1998 / [autors del treball: Narcís Prat ... [et al.] informe 1998 / [autors del treball:
ISBN:
84-7794-682-5
Descripción Física:
162 p., gràfiques, plànols ; 30 cm
Otros Autores:
Prat i Fornells, Narcís
MARC
| LEADER | 00000nam a2200000Ia 4500 | ||
|---|---|---|---|
| 001 | 12653 | ||
| 008 | 160829s9999 xx 000 0 cat d | ||
| 020 | |a 84-7794-682-5 | ||
| 080 | |a C-1-19 | ||
| 245 | |a La Qualitat ecològica del Llobregat, el Besòs, el Foix i la Tordera : |b informe 1998 / [autors del treball: |b Narcís Prat ... [et al.] | ||
| 260 | |a Barcelona : |b Diputació de Barcelona. Àrea de Medi Ambient, cop. 2000 | ||
| 300 | |a 162 p., gràfiques, plànols ; |c 30 cm | ||
| 490 | |a Estudis de la qualitat ecològica dels rius ; 7 | ||
| 650 | 0 | |a Aigua |x Contaminació |9 27513 | |
| 650 | |a Ecologia fluvial |x Catalunya |9 28923 | ||
| 650 | |a Rius |x Catalunya |x Investigació |9 31499 | ||
| 700 | 1 | |a Prat i Fornells, Narcís |9 38638 | |
| 710 | |a Barcelona (Catalunya : Província). |b Àrea de Medi Ambient |9 52987 | ||
| 901 | |a Arxiu | ||
| 942 | |n 1 | ||
| 952 | |0 0 |1 0 |4 0 |6 C119 |7 1 |9 48790 |a Arxiu |b Arxiu |d 2016-12-01 |l 0 |o C-1-19 |p 12653 |r 2016-12-01 00:00:00 |w 2016-12-01 |y ARXIU | ||
| 999 | |c 52622 |d 52622 | ||